Introducción a la geometría euclidiana

Enregistré dans:
Détails bibliographiques
Auteurs principaux: Becerra Allende, Rigoberto (Auteur), Martínez Campos, Abner (Auteur), Jorquera Molina, Fernando (Auteur)
Format: Livre
Langue:espagnol
Publié: Santiago Universidad de Santiago de Chile 1989
Édition:3a. ed
Sujets:
Tags: Ajouter un tag
Pas de tags, Soyez le premier à ajouter un tag!

MARC

LEADER 00000nam a2200000 a 4500
001 UCO3074
003 CL-VaPUC
008 000714e19890000CL |||||||||||||||||spa|d
082 0 4 |a 516  |b BEC  |2 21 
100 0 |a Becerra Allende, Rigoberto  |e author  |9 446917 
700 0 |a Martínez Campos, Abner  |e author  |9 446918 
700 0 |a Jorquera Molina, Fernando  |e author  |9 446919 
245 1 0 |a Introducción a la geometría euclidiana 
250 |a 3a. ed 
300 |a 433 p 
942 |c BK 
945 |d 20000714 00:00:00  |a vberengu 
260 |a Santiago  |b Universidad de Santiago de Chile  |c 1989 
650 0 |a Conjuntos  |9 342214 
650 0 |a Geometría euclidiana  |9 351543 
650 0 |a Lógica proposicional   |9 421893 
650 7 |a PARALELISMO  |2 CL-VaPUC  |9 446920 
650 7 |a TRANSFORMACIONES GEOMETRICAS  |2 CL-VaPUC  |9 424261 
583 |a last modification  |c 20171130 16:21:14  |k Rodrigo Vera 
999 |c 289547  |d 289545 
952 |0 0  |1 0  |2 ddc  |4 0  |6 516_000000000000000_BEC_1989  |7 0  |8 A  |9 338086  |a BIBMAT  |b BIBMAT  |d 2019-11-20  |i 3631699  |o 516 BEC 1989  |p 3631699  |r 2025-01-07  |w 2019-11-20  |y BK  |k MAT 
952 |0 0  |1 0  |2 ddc  |4 0  |6 516_000000000000000_BEC_1989  |7 0  |8 A  |9 338087  |a BIBMAT  |b BIBMAT  |d 2019-11-20  |i 3631702  |o 516 BEC 1989  |p 3631702  |r 2025-01-07  |w 2019-11-20  |y BK  |k MAT 
952 |0 0  |1 0  |2 ddc  |4 0  |6 516_000000000000000_BEC_1989  |7 0  |8 A  |9 338088  |a BIBMAT  |b BIBMAT  |d 2019-11-20  |i 3631710  |o 516 BEC 1989  |p 3631710  |r 2025-01-07  |w 2019-11-20  |y BK  |k MAT 
952 |0 0  |1 0  |2 ddc  |4 0  |6 516_000000000000000_BEC_1989  |7 0  |8 A  |9 338089  |a BIBMAT  |b BIBMAT  |d 2019-11-20  |i 4000277  |l 4  |m 1  |o 516 BEC 1989  |p 4000277  |r 2025-03-18  |s 2025-03-11  |w 2019-11-20  |y BK  |k MAT 
952 |0 0  |1 0  |2 ddc  |4 0  |6 516_000000000000000_BEC_1989  |7 0  |8 A  |9 338090  |a BIBMAT  |b BIBMAT  |d 2019-11-20  |i 4000285  |l 11  |m 4  |o 516 BEC 1989  |p 4000285  |r 2025-01-07  |s 2024-09-27  |w 2019-11-20  |y BK  |k MAT 
952 |0 0  |1 0  |2 ddc  |4 0  |6 516_000000000000000_BEC_1989  |7 0  |8 A  |9 338091  |a BIBMAT  |b BIBMAT  |d 2019-11-20  |i 4000307  |l 1  |o 516 BEC 1989  |p 4000307  |r 2025-01-07  |s 2023-09-12  |w 2019-11-20  |y BK  |k MAT 
952 |0 0  |1 0  |2 ddc  |4 0  |6 516_000000000000000_BEC_1989  |7 0  |8 A  |9 338092  |a BIBMAT  |b BIBMAT  |d 2019-11-20  |i 4000315  |l 7  |m 3  |o 516 BEC 1989  |p 4000315  |r 2025-01-07  |s 2024-05-24  |w 2019-11-20  |y BK  |k MAT